000 00290nam a22001337a 4500
008 170202b xxu||||| |||| 00| 0 eng d
020 _a0815165609
041 _aeng
080 _a61
100 _a3
101 _aSHM
245 _aMETHODS IN MEDICAL RESEARCH
_cFREIS, E.D
942 _2udc
_cBK
999 _c4320
_d4320